Animals by Picture - D - Statistics

General Stats
  • This quiz has been taken 97 times
  • The average score is 8 of 16
Answer Stats
Picture Answer % Correct
Dolphin
99%
Dragonfly
96%
Duck
94%
Deer
93%
Donkey
88%
Dingo
81%
Dromedary
63%
Dove
51%
Dugong
43%
Dik-Dik
37%
Dormouse
31%
Discus
17%
Dhole
16%
Drill
16%
Degu
13%
Dall Sheep
10%
No matching quizzes found
Score Distribution
Percent of People with Each Score
Percentile by Number Answered
Your Score History
You have not taken this quiz